मन्नू भंडारी का कथा साहित्य:पारिवारिक जीवन की समस्याएँ (Record no. 4712)

MARC details
000 -LEADER
fixed length control field 01181 a2200229 4500
005 - DATE AND TIME OF LATEST TRANSACTION
control field 20080908105354.0
008 - FIXED-LENGTH DATA ELEMENTS--GENERAL INFORMATION
fixed length control field 080908t xxu||||| |||| 00| 0 hin d
010 ## - LIBRARY OF CONGRESS CONTROL NUMBER
LC control number HIN-80075
020 ## - INTERNATIONAL STANDARD BOOK NUMBER
International Standard Book Number 8186209549
Terms of availability 350.00
035 ## - SYSTEM CONTROL NUMBER
System control number HN-52421
037 ## - SOURCE OF ACQUISITION
Source of stock number/acquisition D.B.Act / pub
082 ## - DEWEY DECIMAL CLASSIFICATION NUMBER
Classification number 823.08
100 ## - MAIN ENTRY--PERSONAL NAME
Personal name गुप्ता, बीना रानी
245 ## - TITLE STATEMENT
Title मन्नू भंडारी का कथा साहित्य:पारिवारिक जीवन की समस्याएँ
Statement of responsibility, etc बीना रानी गुप्ता
246 ## - VARYING FORM OF TITLE
Title proper/short title Mannu Bhandari ka katha sahitya
Remainder of title by Beena Rani Gupta
260 ## - PUBLICATION, DISTRIBUTION, ETC. (IMPRINT)
Place of publication, distribution, etc हापुड
Name of publisher, distributor, etc संभावना प्रकाशन
Date of publication, distribution, etc 2006
270 ## - ADDRESS
Address रेवती कुंज,
City हापुड
Postal code 245101
300 ## - PHYSICAL DESCRIPTION
Extent 294पृ
Dimensions 22 सेमी (सजिल्द)
650 ## - SUBJECT ADDED ENTRY--TOPICAL TERM
Topical term or geographic name as entry element Criticism
942 ## - ADDED ENTRY ELEMENTS (KOHA)
Institution code [OBSOLETE] dpl
Koha item type Hindi Books
Call number prefix 823.08 / गुप्ताबी
Source of classification or shelving scheme Dewey Decimal Classification
Classification part 823.08
Call number suffix गुप्ताबी
Holdings
Withdrawn status Lost status Damaged status Not for loan Home library Current library Date acquired Cost, normal purchase price Total Checkouts Full call number Barcode Date last seen Copy number Uniform Resource Identifier Cost, replacement price Price effective from Koha item type
        D.B.Act.Division D.B.Act.Division 08/09/2008 350.00   823.08 गुप्ताबी HN-52421 15/09/2008 1 5003 350.00 15/09/2008 Hindi Books

© Delhi Public Library
Hit Counter
free hit counter